000 00496nam a22001577a 4500
999 _c11775
_d11775
008 210102b ||||| |||| 00| 0 eng d
020 _a9788121926447
082 _a658.202
_bSRI
100 _aSrivastava, Sushil Kumar
245 _aMaintenance engineering and management (Industrial maintenance management)
260 _aNew Delhi
_bS. chand and company pvt. ltd.
_c2013
300 _axvi, 302p.
_bPbc
650 _aTotal productive maintenance
650 _aCondition monitoring
942 _cBK